00555cam a2200205 a 45000010009000000050017000090080041000260100017000670200026000840200025001100400018001350410008001530420008001610800015001690820019001841000007002031010008002102450065002185040066002831707556120180302043440.0111208s2013 caua b 001 0 eng  a 2011050629 a9781412995313 (cloth) a9781412995306 (pbk.) aDLCcDLCdDLC aeng apcc a300.72 CRE00a300.72 CRE2231 a25 aEDU10aQualitative inquiry and research design :cJohn W. Creswell. aIncludes bibliographical references (p. 417-434) and indexes.